Quizzes
Events
Quiz Creation
Community
Videos
Private Events
Remove Ads
Sign In
Join for FREE
Feedback
Dark Mode
Quiz Categories
Sports
Geography
Music
Movies
Television
Just For Fun
Miscellaneous
History
Literature
Language
Science
Gaming
Entertainment
Religion
Holiday
For Kids
Quiz Lab
Recent
Popular Today
Quiz Kudos Today
Editor Picks
Curator Picks
Quizzes by...
Day
Popularity
Type
Ratings
Length
Year
Community
Subscriptions
Recent Discussions
Orange Saloon
Badges
Playlists
Quests
Create
Leaderboards
Showdown
Live 5
Trivia Bingo
Activity
Puzzle Library
Sporcle Events
Private Events
Virtual Trivia
Globe League
Become a Host
Pub Owners
SporcleCon
Opinionation
Our Games
Videos
Blog
Mobile Apps
Partnerships
Remove Ads and Go Orange
Feedback
Movies
Disney
Marvel Cinematic Universe
Movie Resume
Movie Titles
Oscar
Actor
Actress
Director
Pixar
Role
Movie Quotes
Movie Characters
Box Office
Nominee
Best Picture
Star Wars
James Bond
Horror Movies
Movies
Disney
Marvel Cinematic Universe
Movie Resume
Movie Titles
Oscar
Actor
Actress
Director
Pixar
Role
Movie Quotes
Movie Characters
Box Office
Nominee
Best Picture
Star Wars
James Bond
Horror Movies
Random Quiz
Search Sporcle
×
Quiz Lab
Quiz Lab
Movies
scream
Type in answers that appear in a list
Type in answers that appear in a list
Classic
Best Score? Go Orange.
Scream 4 chracters Stats
Can you name the scream 4 chracters?
By
brando3
3m
19 Questions
510 Plays
510 Plays
510 Plays
Comments
Comments
Give Quiz Kudos
Give Quiz Kudos
-
- Ratings
hide this ad
Forced Order
Answers have to be entered in order
Answers have to be entered in order
Replay
Link that replays current quiz
Next Quiz
Link to next quiz in quiz playlist
You Got
0%
They Got
Avg Score
55%
Avg Friend Score
Upgrade to see
Score Distribution
Jump to the score distribution portion of the page
Score
0/19
Timer
03:00
0
Plays Today
hint
chracter
% Correct
sydney's cousin
jill
86.4%
killer nerd
charlie
72.7%
shot in the private area and the head
trevor
72.5%
tricked into saving the killer
kirby
70.6%
stabbed through the front door
kate
68%
gutted, thrown out window
olivia
67%
technical nerd that knows all of the rules
robbie
64.2%
stabbed in the forehead
officer perkins
60.1%
stabbed in the shoulder but doesnt die
gale
59.5%
killed in parking garage
rebecca
56.1%
hint
chracter
% Correct
wrote a book called out of darkness
sydney
54.3%
smashed by the garage girl then stabbed and killed
jenny
53.6%
the girl that answered the first call
sherrie
53.2%
smacked in the head with bead pan
dewey
52.2%
doesnt like the stab movies and we dont see their death
marnie
49%
girl that gets stabbed on couch
rachel
41.9%
the girl with the facebook stalker
truddie
32.2%
'there's something about a guy who just... snaps
chloe
26.5%
a cop that survived
trudy
11.5%
Quiz Playlist
Details
Report
Send in Message
Add To Playlist
Classic:
Type in answers that appear in a list
Forced Order:
Answers have to be entered in order
Last Updated: Feb 16, 2017
Quiz Scoreboard
CHALLENGE
Sign Up to Join the Scoreboard
Show All
Scores
Hide
Comments
May contain spoilers
Recently Published
Click the 1999 NBA Draft
by nibperrychub
Sports
2m
Alphabetical 'K' Countries by Flag Minefield
by ylime102
Geography
3m
Pick 6: Fruits
by JohnFran
Miscellaneous
15s
More to Explore
Quiz From the Vault
Featured Blog Post
15 Basketball Trivia Facts You Can Be March Mad About
hide this ad
You Might Also Like...
Tags
Character
scream
Today's Top Quizzes in Movies
Browse Movies
hide this ad
Today's Top Quizzes in scream
Browse scream
Top Contributed Quizzes in Movies
1
Pick 6: Harry Potter
2
Pick 6: Movie Franchises
3
Pick 6: Actors
4
Pick 6: Actresses
5
Pick 6: Disney Princesses
6
Match The President To The Fictional Crisis
7
Movies of the Seasons
8
Seasonal Films
9
Harry Potter Logic Puzzle
10
Springtime Movie Scenes (Quiz 2 of 2)
Explore More
Trending Topics
Marvel
Anime
Disney
Harry Potter
Kpop
Crossword
NBA
Puzzle
Pokémon
Country
NFL
Song
Soccer
The Office
WWE
hide this ad
More By:
brando3
Quiz
Plays
Rating
Category
Featured
Created
pretty little liars facts
5,689
2.17
Television
May 5, 2011
pretty little liars- who said what?
4,483
3.00
Television
May 15, 2011
lemonade mouth
2,810
1.25
Just For Fun
May 15, 2011
Victorious
2,367
1.33
Just For Fun
May 21, 2011
pretty little liars facts
2,259
1.67
Television
Aug 9, 2011
Go to Creator's Profile
Score Distribution
Quiz Creator Spotlight
brando3
Follow
Send a Message
Quizzes Created
-
Created Quiz Play Count
-
More By This Creator
Popular Quizzes Today
1
Countries of Asia Without Outlines Minefield
2
Find the US States - No Outlines Minefield
3
Pick 6: Fruits
4
Alphabetical 'K' Countries by Flag Minefield
5
The Countries of the World
6
Find the US States
7
Find the Countries of Europe - No Outlines Minefield
8
US States
More Movies Quizzes
Which Bond Was Bond?
Editor's Pick
Trending Quizzes
Pick 6: Mountains
Pick 6: Harry Potter
Pick 6: Flags
Pick 6: NFL Teams
Pick 6: Movie Franchises
Recently Updated
NWSL Teams
pecheneg
Women's Final Four Teams by Year
bhenderson79
Presidents Quartet II
eogle
Anything But Clue(do)
eogle
Anything But Oceanian Capitals
eogle
Anything But 7
eogle
Anything But Thing
eogle
Word Ladder: February 29
pecheneg
Song Title Questions
pecheneg
Women's NCAA Tournament #1 Seeds
pecheneg
Trending Topics
Kpop
Harry Potter
Crossword
Anime
Marvel
NBA
Disney
Puzzle
Song
The Office
Soccer
WWE
Country
NFL
Pokémon
Your Account Isn't Verified!
In order to create a playlist on Sporcle, you need to verify the email address you used during registration. Go to your
Sporcle Settings
to finish the process.
Report this User
Report this user for behavior that violates our
Community Guidelines
.
Details:
Send Report
Go to the Sporcle.com Mobile Site →
Comments